000
00186 a2200097 4500
020
_a
9781512429893
041
_a
spa
100
_a
Brendan Flynn
245
_a
Hora de Natacion
942
_c
K
999
_c
27527
_d
27527